| 000 | 00610nam a2200217 a 4500 | ||
|---|---|---|---|
| 001 | 54107 | ||
| 003 | BD-RjUL | ||
| 005 | 20211209080055.0 | ||
| 008 | 161101s2002 i a 001 0 eng | ||
| 035 | _a(BD-RjUL)54229 | ||
| 040 |
_aDLC _cDLC _dDLC _beng |
||
| 041 | _aeng | ||
| 082 | 0 | 0 |
_a005.42 _223 _bNER 2002 |
| 100 | 1 |
_aNegus, Chris, _d1957- _9161542 |
|
| 245 | 1 | 0 |
_aRed Hat Linux 7.3 bible / _cChristopher Negus. |
| 260 |
_aNew York : _bWiley Pub., _cc2002. |
||
| 300 |
_axvi, 1077 p. : _bill. ; _c24 cm. |
||
| 500 | _aIncludes index. | ||
| 650 | 0 |
_aOperating systems (Computers) _9118133 |
|
| 942 |
_2ddc _cBK |
||
| 999 |
_c54107 _d54107 |
||